000 00734nam a2200253 i 4500
001 9908
003 ES-MaACL
005 20250904205325.0
007 t|
008 940506s1987 sp ||||1| spa d
020 _a84-7774-003-8
080 _a7.01
100 1 _aBozal, Valeriano,
_d1940-2023
_9242225
245 1 0 _aMímesis
_b: las imágenes y las cosas /
_cValeriano Bozal.
260 _aMadrid :
_bVisor,
_cD.L. 1987.
300 _a231 p. :
_bil. ;
_c23 cm.
490 1 _aLa balsa de la medusa ;
_v3
500 _aIndices.
650 7 _aEstética
_2embne
_9142387
830 0 3 _aLa balsa de la Medusa
_v3
_9178610
852 _aES-MaACL
_jL-17364
_bR.122557
852 _aES-MaACL
_jG-1808
_bR.115191
999 _c9908
_d9908